| 000 | 00501nam a2200181Ia 4500 | ||
|---|---|---|---|
| 003 | STCL | ||
| 008 | 181203s9999 xx 000 0 und d | ||
| 020 | _a9788182659636 | ||
| 040 |
_aSTCL _bEN _cSTCL |
||
| 082 | _222 | ||
| 100 | _aMorris, Desmond; Kunhikrishnan, K., Tr. | ||
| 245 | 0 | _aനഗ്നപുരുഷൻ | |
| 246 | _aNagnapurushan / The Naked Man: A Study of the Male Body | ||
| 260 |
_bMathrubhumi Books _aKozhikode _c2014 |
||
| 300 | _a277 | ||
| 546 | _aMalayalam | ||
| 942 |
_2ddc _cBK |
||
| 999 |
_c84361 _d84361 |
||